Suomen kaupunkivisa - Statistics

Yleistilastot
  • Tätä visaa on pelattu 132 kertaa
  • Keskiarvotulos 8 / 9
Vastaustilastot
Hint Vastaus % Oikein
Suomen pääkaupunki Helsinki
100%
Toripolliisi valvoo toria Oulu
100%
Napapiiri, ja joulupukin pajakylä Rovaniemi
99%
Näsinneula, mustamakkara Tampere
99%
Jääkiekkojoukkue JYP Jyväskylä
96%
Kaksi radiomastoa, hyppyrimäet Lahti
94%
Siellä on vanha linna Turku
94%
Kalakukko Kuopio
93%
Kolin kansallispuisto Joensuu
72%
Ehtoja vastaavia visoja ei löytynyt
Tulosjakauma
Jokaisen tuloksen saaneiden osuus
Persentiili vastausten määrän mukaan
Tuloshistoriasi
Et ole pelannut tätä visaa